|
|
|
|
| LEADER |
01154nam a2200289 a 4500 |
| 001 |
GR-Patra13947 |
| 008 |
001110s1998 gr e 000 0 gre d |
| 020 |
|
|
|a 9603013684
|
| 040 |
|
|
|a GrPaTEI
|b gre
|c GR-PaULI
|
| 040 |
|
|
|a GrPaTEI
|b gre
|c GR-PaULI
|
| 082 |
|
0 |
|a 346.082
|2 21
|
| 245 |
0 |
0 |
|a Τραπεζικό δίκαιο. Δίκαιο τραπεζικών συμβάσεων /
|c Σπύρου δ. Ψυχομάνη.
|
| 250 |
|
|
|a 3η έκδ.
|
| 260 |
|
|
|a Θεσσαλονίκη :
|b Εκδόσεις Σάκκουλα,
|c 1998
|
| 300 |
|
|
|a xxvi, 408σ.
|
| 504 |
|
|
|a Βιβλιογραφία: σ.389-400
|
| 650 |
|
4 |
|a ΔΙΚΑΙΟ
|
| 650 |
|
4 |
|a ΝΟΜΟΘΕΣΙΑ
|
| 650 |
|
4 |
|a ΟΙΚΟΝΟΜΙΑ
|
| 650 |
|
4 |
|a ΠΙΣΤΩΣΕΙΣ
|
| 650 |
|
4 |
|a ΤΡΑΠΕΖΕΣ
|
| 650 |
|
4 |
|a ΤΡΑΠΕΖΙΚΕΣ ΣΥΝΑΛΛΑΓΕΣ
|
| 700 |
1 |
|
|a ΨΥΧΟΜΑΝΗΣ, ΣΠΥΡΟΣ Δ.
|
| 942 |
|
|
|2 ddc
|
| 952 |
|
|
|0 0
|1 0
|2 ddc
|4 0
|6 346_082000000000000_ΨΥΧ
|7 0
|9 292960
|a LISK
|b LISK
|c BSC
|d 2021-01-17
|e 24
|f 0
|g 0.00
|l 0
|o 346.082 ΨΥΧ
|p 92410018840
|r 2021-01-17 00:00:00
|t 1
|w 2021-01-17
|y BK15
|x 20001114 0 1
|x GrPaTEI
|
| 971 |
|
|
|a .b26614625
|b 16-04-20
|c 23-09-16
|
| 999 |
|
|
|c 171242
|d 171242
|